000 00982nam0a22002531 4500
001 rc\683053
005 20260406123138.0
035 _a(NLR Aleph) 005920231
090 _a6469291
_c6469291
100 _a20031121d1985 |||y0rusy50 ca
101 0 _arus
102 _aRU
105 _aa |||||||||
200 1 _aАсимптотические методы в динамике систем
_e[Сб. ст.]
_fАН СССР, Сиб. отд-ние, Вост.-Сиб. фил.
_g[Отв. ред. А.Н. Панченков, Г.М. Ружников]
210 _aИркутск
_cБ. и.
_d1985
215 _a242 с.
_cил.
_d20
320 _aБиблиогр. в конце ст.
702 1 _aПанченков
_bА.Н.
_gАнатолий Николаевич
_4340
712 0 2 _aАН СССР
_bВосточно-Сибирский филиал
_3RU\NLR\AUTH\8815862
_9304837
801 0 _aRU
_bNLR
_gpsbo
801 1 _aRU
_bELAR
_2rusmarc
852 _aNLR
_j86-3/3132
942 _cBOOK
980 _aNB